Odgadnij piosenkę po wersie - polski rock#2 - Statystyki

Ogólne statystyki
  • Ten quiz został rozwiązany 31 razy
  • Średni wynik to 8 z 20
Statystyki odpowiedzi
Wers Zespół/wokalista Piosenka % Poprawnych
"Już teraz wiem, że dni są tylko po to" Lady Pank Zawsze tam gdzie ty
86%
"Gdzieś na ulicy Fabrycznej" Kobranocka Kocham Cię jak Irlandię
69%
"Czekam na wiatr, co rozgoni" Maanam Krakowski spleen
62%
"Kto Ciebie ukochać będzie umiał" Myslovitz Peggy Brown
59%
"Jesteś sterem, białym żołnierzem" Bajm Biała armia
55%
"Gdzie są moi przyjaciele" Republika Biała flaga
52%
"To nie karnawał, ale tańczyć chcę" Obywatel G.C. Nie pytaj o Polskę
48%
"Na życie patrzysz bez emocji" Lombard Przeżyj to sam
45%
"To wspaniała jest maszyna, choć ma czterdzieści lat" Dżem Harley mój
38%
"W mieście świętej wieży" T.Love King
38%
"Tak niewiele żądam" Chłopcy z Placu Broni Kocham wolność
38%
"Może masz kogoś, a może właśnie kogoś Ci brak" IRA Nadzieja
34%
"Ktoś przechodzi, trąca łokciem, wzrokiem pluje w nas" Aya RL Skóra
31%
"Wszystko wydaje się takie samo" Kult Krew Boga
28%
"Przyjaciele są daleko, daleko" Golden Life Oprócz(błękitnego nieba)
24%
"Rok może pięć komet deszcz i szlus" Perfect Raz po raz(straszą nas)
24%
"Mieszkam w wysokiej wieży, otoczonej fosą" Sztywny Pal Azji Wieża radości, wieża samotności
21%
"Bilans zysków i strat prowadzimy od lat" Budka Suflera Za ostatni grosz
17%
"Czekamy, czekamy" Brygada Kryzys Centrala
10%
"kogo to obchodzi, kiedy boli" Yugopolis/Maciej Maleńczuk Gdzie są przyjaciele moi?
3%
Nie znaleziono quizów pasujących do podanych kryteriów
Rozkład punktacji
Procent ludzi z każdym wynikiem
Percentyl według liczby udzielonych odpowiedzi
Twoja historia wyników
Nie rozwiązałeś tego quizu